000 00534cam a2200157 4500500
005 20260405004002.0
041 _afre
042 _adc
100 1 0 _aArdeois, Iris
_eauthor
245 0 0 _aTirer sur une bobine de fil, un simple jeu ? La réponse de Sigmund Freud
260 _c2026.
500 _a98
690 _aSigmund Freud
786 0 _nPhilosophie magazine | 196 | 1 | 2026-01-01 | p. 136-136 | 1951-1787
856 4 1 _uhttps://shs.cairn.info/magazine-philosophie-magazine-2026-1-page-136?lang=fr&redirect-ssocas=7080
999 _c2072669
_d2072669